Alejandro G. Bell / (Registro nro. 11750)

Detalles MARC
000 -LIDER
fixed length control field 00907cam a22003013a 4500
001 - NÚMERO DE CONTROL
Identificador de número de control 0000768
003 - IDENTIFICACDOR DE NÚMERO DE CONTROL
control field DO-SdBPM
005 - DATE AND TIME OF LATEST TRANSACTION
control field 20250604120139.0
007 - CAMPOS FIJOS DE DESCRIPCIÓN FÍSICA
fixed length control field 0000768
008 - ELEMENTOS DE LONGITUD FIJA
fixed length control field 8611121979 sp a 000 0 spa d
010 ## - NUMERO DE CONTROL DE BIBLIOTECA DEL CONGRESO
LC control number
020 ## - ISBN
International Standard Book Number 8430511091
040 ## - FUENTE DE CATALOGACIÓN
Agencia que crea de manera original el registro DO-SdBPM
Agencia que realiza la transcripción spa
Agencia que realiza la modificación BPMSU
--
082 #4 - NÚMERO DE CLASIFICACIÓN DECIMAL DE DEWEY
Classification number 925.3
Item number G738C 1979
Edition number 22
100 1# - ASIENTO PRINCIPAL -- NOMBRE PERSONAL
Nombre personal Cabezas, José Antonio
245 10 - MENCIÓN DE TITULO
Título Alejandro G. Bell /
Mención de responsabilidad José Antonio Cabezas ; ilustraciones Donato Lobo
246 14 - VARIACION DEL TÍTULO
Título propiamente dicho o título corto Alejandro Graham Bell
260 ## - PUBLICACIÓN, DISTRIBUCIÓN, ETC. (PIE DE IMPRENTA)
Lugar de publicación, distribución, etc Madrid, España :
Nombre del editor, distribuidor, etc. Susaeta ediciones,
Fecha de publicación, distribución, etc 1979.
300 ## - DESCRIPCIÓN FÍSICA
Extensión 98 p. :
Otros detalles físicos il. ;
Dimensiones 20 cm.
490 0# - MENCIÓN DE SERIES
Mención de serie Vidas ilustres,
Volume/sequential designation 2
590 ## - NOTA LOCAL
Texto de la nota local Inventariado, 2025/VM
600 14 - ENCABEZAMIENTO DE MATERIA--NOMBRE PERSONAL
Nombre personal Graham Bell, Alejandro
Fechas asociadas con el nombre 1847-1922.
650 #4 - ENCABEZAMIENTO DE MATERIA--TEMÁTICO
Término temático o nombre geográfico como elemento de entrada Inventores
Subdivisión geográfica Escocia.
650 #4 - ENCABEZAMIENTO DE MATERIA--TEMÁTICO
Término temático o nombre geográfico como elemento de entrada Teléfono
Subdivisión temática general Historia.
700 1# - ASIENTO SECUNDARIO -- NOMBRE PERSONAL
Nombre personal Lobo, Donato
Mención de responsabilidad ilulustración
910 ## - VALIDACIÓN
Validación VMateo V. Control de calidad. BPMSU
942 ## - ADDED ENTRY ELEMENTS (KOHA)
Source of classification or shelving scheme Dewey Decimal Classification
Koha item type Libros
Existencias
Withdrawn status Lost status Source of classification or shelving scheme Damaged status Not for loan Collection code Home library Current library Date acquired Source of acquisition Total Checkouts Full call number Barcode Date last seen Price effective from Koha item type
    Dewey Decimal Classification     Colección Juvenil General Biblioteca Pública Metropolitana Salomé Ureña Biblioteca Pública Metropolitana Salomé Ureña 11/01/2016 Susaeta Ediciones   BPMSU CG 925.3 G738C 1979 BPMSU16110015 11/01/2016 11/01/2016 Libros